Turrialba : revista interamericano de ciencias agrícolas.

Bibliographic Details
Corporate Authors: Scientific Communications Service (Inter-American Institute of Agricultural Sciences), Interamerican Communications Service (Inter-American Institute of Agricultural Sciences), Inter-American Institute of Agricultural Sciences, Inter-American Institute for Cooperation on Agriculture
Format: Journal
Language:English
French
Portuguese
Spanish
Language Notes:Articles in English, French, Portuguese or Spanish.
Published: Turrialba, Costa Rica : Servicio de Intercambio Científico, Instituto Interamericano de Ciencias Agrícolas, [1950-1995]
Subjects:
Online Availability: Check for online availability

MARC

Tag First Indicator Second Indicator Subfields
LEADER 00000cas a2200000 a 4500
001 in00000289313
005 20151010084836.0
008 751012d19501995cr qr p 0 a0engdd
010 |a sn 86012596  
016 7 |a 011144600  |2 Uk 
022 |a 0041-4360  |l 0041-4360  |2 z 
029 1 |a NLGGC  |b 042337062 
029 1 |a NZ1  |b 3836235 
029 1 |a AU@  |b 000000944024 
030 |a TURRAB 
035 |a (OCoLC)ocm01695176 
035 |a (OCoLC)1695176 
040 |a MUL  |c MUL  |d COO  |d NYG  |d SER  |d AIP  |d NST  |d OCL  |d HUL  |d AGL  |d OCL  |d OCLCQ  |d LVB  |d OCLCQ  |d UKMGB  |d UtOrBLW 
041 0 |a eng  |a fre  |a por  |a spa 
042 |a nsdp 
049 |a TXAM 
050 4 |a S15  |b .T96 
070 0 |a 8  |b T86 
072 0 |a A000 
082 0 4 |a 630.98  |b qT961 
090 |a S15  |b .T8 
210 0 |a Turrialba 
222 0 |a Turrialba 
245 0 0 |a Turrialba :  |b revista interamericano de ciencias agrícolas. 
264 1 |a Turrialba, Costa Rica :  |b Servicio de Intercambio Científico, Instituto Interamericano de Ciencias Agrícolas,  |c [1950-1995] 
300 |a 45 volumes :  |b illustrations, maps ;  |c 28 cm. 
310 |a Quarterly 
336 |a text  |b txt  |2 rdacontent 
337 |a unmediated  |b n  |2 rdamedia 
338 |a volume  |b nc  |2 rdacarrier 
362 0 |a Vol. 1, no. 1 (jul. 1950)-v. 45, no. 3-4 (jul.-dic. 1995). 
500 |a Title from cover. 
500 |a Published: San Jose, Costa Rica, July/Sept. 1976-1995. 
500 |a Publisher: Servicio Interamericano de Communicaciones, Instituto Interamericano de Ciencias Agrícolas, Apr./June 1965-Oct./Dec. 1965; Instituto Interamericano de Ciencias Agrícolas, 1966-1980; Instituto Interamericano de Cooperación para la Agricultura, 1981-1995. 
510 2 |a Chemical abstracts  |x 0009-2258 
546 |a Articles in English, French, Portuguese or Spanish. 
650 0 |a Agriculture  |v Periodicals. 
650 6 |a Agriculture  |v Périodiques. 
710 2 |a Scientific Communications Service (Inter-American Institute of Agricultural Sciences) 
710 2 |a Interamerican Communications Service (Inter-American Institute of Agricultural Sciences) 
710 2 |a Inter-American Institute of Agricultural Sciences. 
710 2 |a Inter-American Institute for Cooperation on Agriculture. 
770 0 |t Turrialba. Boletin bibliografico. Suplemento 
776 0 8 |i Online version:  |t Turrialba  |w (OCoLC)567386205 
850 |a CU-RivA  |a MnSU  |a ULA 
949 |a updated  |b h  |c 2011/10/25  |e vilik  |f 9:52:06 am 
994 |a C0  |b TXA 
999 |a MARS 
999 f f |s 2119ba23-b128-3f2e-afdf-130a50547e1e  |i e82ba9ab-3d84-3987-83f9-97671dd08a21  |t 0 
952 f f |p ric  |a Texas A&M University  |b Rellis Campus  |c Joint Library Facility  |d Remote Storage  |t 0  |e S15 .T8  |h Library of Congress classification  |i unmediated -- volume  |k v.10  |l 1960  |m A14842816564 
952 f f |p ric  |a Texas A&M University  |b Rellis Campus  |c Joint Library Facility  |d Remote Storage  |t 0  |e S15 .T8  |h Library of Congress classification  |i unmediated -- volume  |k v.14:no.1,3-4  |l 1964:enero/marzo,1964:jul.-dic.  |m A14842816358 
952 f f |p ric  |a Texas A&M University  |b Rellis Campus  |c Joint Library Facility  |d Remote Storage  |t 0  |e S15 .T8  |h Library of Congress classification  |i unmediated -- volume  |k v.36  |l 1986  |m A14811359508 
952 f f |p ric  |a Texas A&M University  |b Rellis Campus  |c Joint Library Facility  |d Remote Storage  |t 0  |e S15 .T8  |h Library of Congress classification  |i unmediated -- volume  |k v.16  |l 1966  |m A14842816374 
952 f f |p ric  |a Texas A&M University  |b Rellis Campus  |c Joint Library Facility  |d Remote Storage  |t 0  |e S15 .T8  |h Library of Congress classification  |i unmediated -- volume  |k v.5  |l 1955  |m A14842816523 
952 f f |p ric  |a Texas A&M University  |b Rellis Campus  |c Joint Library Facility  |d Remote Storage  |t 0  |e S15 .T8  |h Library of Congress classification  |i unmediated -- volume  |k v.2-3  |l 1952-1953  |m A14838958454 
952 f f |p ric  |a Texas A&M University  |b Rellis Campus  |c Joint Library Facility  |d Remote Storage  |t 0  |e S15 .T8  |h Library of Congress classification  |i unmediated -- volume  |k v.9  |l 1959  |m A14842816556 
952 f f |p ric  |a Texas A&M University  |b Rellis Campus  |c Joint Library Facility  |d Remote Storage  |t 0  |e S15 .T8  |h Library of Congress classification  |i unmediated -- volume  |k v.17  |l 1967  |m A14839487325 
952 f f |p ric  |a Texas A&M University  |b Rellis Campus  |c Joint Library Facility  |d Remote Storage  |t 0  |e S15 .T8  |h Library of Congress classification  |i unmediated -- volume  |k v.32:no.1-3  |l 1982:enero-sept.  |m A14816932220 
952 f f |p ric  |a Texas A&M University  |b Rellis Campus  |c Joint Library Facility  |d Remote Storage  |t 0  |e S15 .T8  |h Library of Congress classification  |i unmediated -- volume  |k v.7  |l 1957  |m A14842816531 
952 f f |p ric  |a Texas A&M University  |b Rellis Campus  |c Joint Library Facility  |d Remote Storage  |t 0  |e S15 .T8  |h Library of Congress classification  |i unmediated -- volume  |k v.34  |l 1984  |m A14842816408 
952 f f |p ric  |a Texas A&M University  |b Rellis Campus  |c Joint Library Facility  |d Remote Storage  |t 0  |e S15 .T8  |h Library of Congress classification  |i unmediated -- volume  |k v.25:no.1-2  |l 1975:enero-jun.  |m A14811634770 
952 f f |p ric  |a Texas A&M University  |b Rellis Campus  |c Joint Library Facility  |d Remote Storage  |t 0  |e S15 .T8  |h Library of Congress classification  |i unmediated -- volume  |k v.6  |l 1956  |m A14839489547 
952 f f |p ric  |a Texas A&M University  |b Rellis Campus  |c Joint Library Facility  |d Remote Storage  |t 0  |e S15 .T8  |h Library of Congress classification  |i unmediated -- volume  |k v.22:no.1,4  |l 1972:enero/marzo,oct./dic.  |m A14832904295 
952 f f |p ric  |a Texas A&M University  |b Rellis Campus  |c Joint Library Facility  |d Remote Storage  |t 0  |e S15 .T8  |h Library of Congress classification  |i unmediated -- volume  |k v.23:no.2  |l 1973:abr.-jun.  |m A14821178394 
952 f f |p ric  |a Texas A&M University  |b Rellis Campus  |c Joint Library Facility  |d Remote Storage  |t 0  |e S15 .T8  |h Library of Congress classification  |i unmediated -- volume  |k v.40  |l 1990  |m A14817194891 
952 f f |p ric  |a Texas A&M University  |b Rellis Campus  |c Joint Library Facility  |d Remote Storage  |t 0  |e S15 .T8  |h Library of Congress classification  |i unmediated -- volume  |k v.44  |l 1994  |m A14820456773 
952 f f |p ric  |a Texas A&M University  |b Rellis Campus  |c Joint Library Facility  |d Remote Storage  |t 0  |e S15 .T8  |h Library of Congress classification  |i unmediated -- volume  |k v.11  |l 1961  |m A14839487422 
952 f f |p ric  |a Texas A&M University  |b Rellis Campus  |c Joint Library Facility  |d Remote Storage  |t 0  |e S15 .T8  |h Library of Congress classification  |i unmediated -- volume  |k v.35  |l 1985  |m A14813072160 
952 f f |p ric  |a Texas A&M University  |b Rellis Campus  |c Joint Library Facility  |d Remote Storage  |t 0  |e S15 .T8  |h Library of Congress classification  |i unmediated -- volume  |k v.42  |l 1992  |m A14851553264 
952 f f |p ric  |a Texas A&M University  |b Rellis Campus  |c Joint Library Facility  |d Remote Storage  |t 0  |e S15 .T8  |h Library of Congress classification  |i unmediated -- volume  |k v.15  |l 1965  |m A14842816366 
952 f f |p ric  |a Texas A&M University  |b Rellis Campus  |c Joint Library Facility  |d Remote Storage  |t 0  |e S15 .T8  |h Library of Congress classification  |i unmediated -- volume  |k v.38:no.1-2,4  |l 1988:enero-jun.,1988:oct./dic.  |m A14815078502 
952 f f |p ric  |a Texas A&M University  |b Rellis Campus  |c Joint Library Facility  |d Remote Storage  |t 0  |e S15 .T8  |h Library of Congress classification  |i unmediated -- volume  |k v.1  |l 1950-1951  |m A14838958496 
952 f f |p ric  |a Texas A&M University  |b Rellis Campus  |c Joint Library Facility  |d Remote Storage  |t 0  |e S15 .T8  |h Library of Congress classification  |i unmediated -- volume  |k v.43  |l 1993  |m A14819391229 
952 f f |p ric  |a Texas A&M University  |b Rellis Campus  |c Joint Library Facility  |d Remote Storage  |t 0  |e S15 .T8  |h Library of Congress classification  |i unmediated -- volume  |k v.37  |l 1987  |m A14812901879 
952 f f |p ric  |a Texas A&M University  |b Rellis Campus  |c Joint Library Facility  |d Remote Storage  |t 0  |e S15 .T8  |h Library of Congress classification  |i unmediated -- volume  |k v.12:no.1-3  |l 1962:enero-sept.  |m A14842816333 
952 f f |p ric  |a Texas A&M University  |b Rellis Campus  |c Joint Library Facility  |d Remote Storage  |t 0  |e S15 .T8  |h Library of Congress classification  |i unmediated -- volume  |k v.13:no.2-4  |l 1963:abr.-dic.  |m A14842816341 
952 f f |p ric  |a Texas A&M University  |b Rellis Campus  |c Joint Library Facility  |d Remote Storage  |t 0  |e S15 .T8  |h Library of Congress classification  |i unmediated -- volume  |k v.4  |l 1954  |m A14842816515 
952 f f |p ric  |a Texas A&M University  |b Rellis Campus  |c Joint Library Facility  |d Remote Storage  |t 0  |e S15 .T8  |h Library of Congress classification  |i unmediated -- volume  |k v.45  |l 1995  |m A14821228490 
952 f f |p ric  |a Texas A&M University  |b Rellis Campus  |c Joint Library Facility  |d Remote Storage  |t 0  |e S15 .T8  |h Library of Congress classification  |i unmediated -- volume  |k v.21:no.3  |l 1971:jul./sept.  |m A14832904449 
952 f f |p ric  |a Texas A&M University  |b Rellis Campus  |c Joint Library Facility  |d Remote Storage  |t 0  |e S15 .T8  |h Library of Congress classification  |i unmediated -- volume  |k v.39  |l 1989  |m A14815671902 
952 f f |p ric  |a Texas A&M University  |b Rellis Campus  |c Joint Library Facility  |d Remote Storage  |t 0  |e S15 .T8  |h Library of Congress classification  |i unmediated -- volume  |k v.41  |l 1991  |m A14819391326 
952 f f |p ric  |a Texas A&M University  |b Rellis Campus  |c Joint Library Facility  |d Remote Storage  |t 0  |e S15 .T8  |h Library of Congress classification  |i unmediated -- volume  |k v.20:no.4  |l 1970:oct./dic.  |m A14842816382 
952 f f |p ric  |a Texas A&M University  |b Rellis Campus  |c Joint Library Facility  |d Remote Storage  |t 0  |e S15 .T8  |h Library of Congress classification  |i unmediated -- volume  |k v.33  |l 1985  |m A14842816390 
952 f f |p ric  |a Texas A&M University  |b Rellis Campus  |c Joint Library Facility  |d Remote Storage  |t 0  |e S15 .T8  |h Library of Congress classification  |i unmediated -- volume  |k v.19:no.4  |l 1969:oct./dic.  |m A14832903930 
952 f f |p ric  |a Texas A&M University  |b Rellis Campus  |c Joint Library Facility  |d Remote Storage  |t 0  |e S15 .T8  |h Library of Congress classification  |i unmediated -- volume  |k v.8  |l 1958  |m A14842816549 
998 f f |a S15 .T8  |s v.39-45 (1989-1995)  |t 0  |l Remote Storage